000 00318cam a22001217a 4500
008 180718b1979 xxu||||| |||| 00| 0 eng d
082 _aA6x5 R142
100 _aPamanappa, M.N. Venkata
245 _aModern Asia
_cby M.N. Venkata Ramanappa
260 _aDelhi
_bVikas
_c1979
300 _a260p.
650 _aAsia - History
999 _c352101
_d352101